<?xml version="1.0" encoding="UTF-8"?><?xml-stylesheet type="text/xsl" href="static/style.xsl"?><OAI-PMH xmlns="http://www.openarchives.org/OAI/2.0/" xmlns:xsi="http://www.w3.org/2001/XMLSchema-instance" xsi:schemaLocation="http://www.openarchives.org/OAI/2.0/ http://www.openarchives.org/OAI/2.0/OAI-PMH.xsd"><responseDate>2026-06-05T12:17:36Z</responseDate><request verb="GetRecord" identifier="oai:riuma.uma.es:10630/35194" metadataPrefix="marc">https://riuma.uma.es/rest/oai/request</request><GetRecord><record><header><identifier>oai:riuma.uma.es:10630/35194</identifier><datestamp>2026-02-03T11:36:55Z</datestamp><setSpec>com_10630_2254</setSpec><setSpec>col_10630_20092</setSpec></header><metadata><record xmlns="http://www.loc.gov/MARC21/slim" xmlns:dcterms="http://purl.org/dc/terms/" xmlns:doc="http://www.lyncode.com/xoai" xmlns:xsi="http://www.w3.org/2001/XMLSchema-instance" xsi:schemaLocation="http://www.loc.gov/MARC21/slim http://www.loc.gov/standards/marcxml/schema/MARC21slim.xsd">
   <leader>00925njm 22002777a 4500</leader>
   <datafield ind2=" " ind1=" " tag="042">
      <subfield code="a">dc</subfield>
   </datafield>
   <datafield ind2=" " ind1=" " tag="720">
      <subfield code="a">Merino-Marban, Rafael</subfield>
      <subfield code="e">author</subfield>
   </datafield>
   <datafield ind2=" " ind1=" " tag="720">
      <subfield code="a">Fernández-Rodríguez, Emilio</subfield>
      <subfield code="e">author</subfield>
   </datafield>
   <datafield ind2=" " ind1=" " tag="720">
      <subfield code="a">Mayorga-Vega, Daniel</subfield>
      <subfield code="e">author</subfield>
   </datafield>
   <datafield ind2=" " ind1=" " tag="260">
      <subfield code="c">2024-11-18</subfield>
   </datafield>
   <datafield ind2=" " ind1=" " tag="520">
      <subfield code="a">The purpose of the present study was to examine the effect of KT on 30 m sprint and &#xd;
counter movement jump performance in active children. Methods. A randomized crossover, &#xd;
pretest/posttest repeated measures design was used to compare the effects of KT on triceps &#xd;
surae and no taping. To generate the random assignment sequence, the data collection &#xd;
sheets were randomly marked with a small letter a or b alternatively. Only the KT &#xd;
practitioner knew that these letters corresponded to one of the two groups. The two&#xd;
sessions were separated for three days to avoid accumulation of the KT effects and took &#xd;
place on the same public sports track. Of the 28 healthy active children (12 girls and 16 &#xd;
boys) enrolled in a triathlon school, all children voluntarily participated in the present study. &#xd;
Results. The results of the ANOVA on the average obtained in the counter movement jump &#xd;
test showed differences statistical significant a favor of KT condition [F(1, 19) = 12.383, p = &#xd;
0.002; η2 = 0.395; P = 0.916]. However, the ANOVA results on the average obtained in the &#xd;
sprint test did not show differences statistical significant in 0-15 m, 15-30 m, and 0-30 m. &#xd;
Conclusions. KT on the triceps surae does not seem to affect the sprint performance in &#xd;
apparently healthy active children, but it does on the counter movement jump test. The KT &#xd;
application did not cause any discomfort or injury to the children during the study.</subfield>
   </datafield>
   <datafield ind1="8" ind2=" " tag="024">
      <subfield code="a">https://hdl.handle.net/10630/35194</subfield>
   </datafield>
   <datafield ind1="8" ind2=" " tag="024">
      <subfield code="a">10.24310/riuma.35194</subfield>
   </datafield>
   <datafield tag="653" ind2=" " ind1=" ">
      <subfield code="a">Kinesiología</subfield>
   </datafield>
   <datafield ind2="0" ind1="0" tag="245">
      <subfield code="a">Datos KT escuela de Tri.</subfield>
   </datafield>
</record>
</metadata></record></GetRecord></OAI-PMH>